Pieniadz w procesie transformacji systemu gospodarczego.
Peňažné agregáty. Peniaze v ekonomike reálneho socializmu a v trhovom hospodárstve. Dôsledky zníženia množstva peňazí v socializme. Premena štruktúry a vzrast množstva peňazí. Čo sú silné peniaze? Mechanizmy rozdeľovania a množstvo peňazí.
Salvato in:
| Autore principale: | |
|---|---|
| Natura: | Capitolo di libro |
| Lingua: | polacco |
| Soggetti: | |
| Tags: |
Nessun Tag, puoi essere il primo ad aggiungerne!!
|
MARC
| LEADER | 00000naa a2200000 4500 | ||
|---|---|---|---|
| 001 | r009000 | ||
| 005 | 20221125122731.6 | ||
| 041 | 0 | |a pol | |
| 044 | |a PL | ||
| 245 | 1 | 0 | |a Pieniadz w procesie transformacji systemu gospodarczego. |c J. Zyzinski |
| 520 | |a Peňažné agregáty. Peniaze v ekonomike reálneho socializmu a v trhovom hospodárstve. Dôsledky zníženia množstva peňazí v socializme. Premena štruktúry a vzrast množstva peňazí. Čo sú silné peniaze? Mechanizmy rozdeľovania a množstvo peňazí. | ||
| 610 | 2 | 0 | |a peniaze |
| 610 | 2 | 0 | |a hospodárstvo plánované |
| 610 | 2 | 0 | |a hospodárstvo trhové |
| 610 | 2 | 0 | |a socializmus |
| 610 | 2 | 0 | |a reformy hospodárske |
| 610 | 2 | 0 | |a rozdeľovanie |
| 100 | 1 | |a Zyzinski, J. | |